000 00282nam a2200133Ia 4500
100 _aWinston/P.H./ Narasimhan & Sundar
942 _cBK
654 _acomputer
245 _aON to JAVA 1.2.
260 _bAddison Wesly
_c1998
300 _a379
546 _aENGLISH
999 _c31008
_d31008